Váš tím a... kôň?
Na Slovensku unikátny, ale vo svete populárny spôsob manažérskych tréningov - Horse made. Podstata Horse made pri budovaní tímu. Prínosy pre zúčastnených. Spätná väzba o účinnosti metódy.
Saved in:
| Main Author: | |
|---|---|
| Format: | Book Chapter |
| Language: | Slovak |
| Subjects: | |
| Tags: |
No Tags, Be the first to tag this record!
|
MARC
| LEADER | 00000naa a2200000 4500 | ||
|---|---|---|---|
| 001 | 0161343 | ||
| 005 | 20231011125712.5 | ||
| 041 | 0 | |a slo | |
| 044 | |a SK | ||
| 245 | 1 | 0 | |a Váš tím a... kôň? |c Zlatica Kramárová |
| 520 | |a Na Slovensku unikátny, ale vo svete populárny spôsob manažérskych tréningov - Horse made. Podstata Horse made pri budovaní tímu. Prínosy pre zúčastnených. Spätná väzba o účinnosti metódy. | ||
| 610 | 2 | 0 | |a pracovníci |
| 610 | 2 | 0 | |a skupiny pracovné |
| 610 | 2 | 0 | |a tímy pracovné |
| 610 | 2 | 0 | |a vzťahy pracovné |
| 610 | 2 | 0 | |a zvieratá |
| 100 | 1 | |a Kramárová, Zlatica | |